000 00390nam a2200133Ia 4500
008 191014s9999 xx 000 0 und d
020 _a0-8053-7893-6
082 _a530.143
_bRAM
100 _aPierre Rammond
_920287
245 2 _aA lecture Note and Reprint Series Field Theory A Modern Physics
260 _aUSA
_bCummings Publishing Company
_c1981
300 _aXviii,397
942 _cBK
999 _c530857
_d530857